South Eastern Kenya University

Library Online Public Access Catalogue


The encyclopedia of infectious diseases / (Record no. 14549)

MARC details
000 -LEADER
fixed length control field 01249cam a22003734a 4500
001 - CONTROL NUMBER
control field 14354040
003 - CONTROL NUMBER IDENTIFIER
control field OSt
005 - DATE AND TIME OF LATEST TRANSACTION
control field 20160524150434.0
008 - FIXED-LENGTH DATA ELEMENTS--GENERAL INFORMATION
fixed length control field 060425s2007 nyu be 001 0 eng
010 ## - LIBRARY OF CONGRESS CONTROL NUMBER
LC control number 2006013795
016 7# - NATIONAL BIBLIOGRAPHIC AGENCY CONTROL NUMBER
Record control number 101275209
Source DNLM
020 ## - INTERNATIONAL STANDARD BOOK NUMBER
International Standard Book Number 0816063974 (hc. : alk. paper)
020 ## - INTERNATIONAL STANDARD BOOK NUMBER
International Standard Book Number 9780816063970 (hc. : alk. paper)
020 ## - INTERNATIONAL STANDARD BOOK NUMBER
International Standard Book Number 0816063982 (pb. : alk. paper)
020 ## - INTERNATIONAL STANDARD BOOK NUMBER
International Standard Book Number 9780816063987 (pb. : alk. paper)
035 ## - SYSTEM CONTROL NUMBER
System control number (OCoLC)ocm67817185
035 ## - SYSTEM CONTROL NUMBER
System control number (OCoLC)67817185
040 ## - CATALOGING SOURCE
Original cataloging agency SEKU
042 ## - AUTHENTICATION CODE
Authentication code pcc
050 00 - LIBRARY OF CONGRESS CALL NUMBER
Classification number RC 112
Item number .T87 2007
100 1# - MAIN ENTRY--PERSONAL NAME
Personal name Turkington, Carol.
245 14 - TITLE STATEMENT
Title The encyclopedia of infectious diseases /
Statement of responsibility, etc. Carol Turkington, Bonnie Lee Ashby.
246 30 - VARYING FORM OF TITLE
Title proper/short title Infectious diseases
250 ## - EDITION STATEMENT
Edition statement 3rd ed.
260 ## - PUBLICATION, DISTRIBUTION, ETC. (IMPRINT)
Place of publication, distribution, etc. New York :
Name of publisher, distributor, etc. Facts On File,
Date of publication, distribution, etc. c2007.
300 ## - PHYSICAL DESCRIPTION
Extent xiv, 412 p. ;
Dimensions 25 cm.
440 #0 - SERIES STATEMENT/ADDED ENTRY--TITLE
Title Facts on File library of health and living
504 ## - BIBLIOGRAPHY, ETC. NOTE
Bibliography, etc Includes bibliographical references (p. 383-392) and index.
650 #0 - SUBJECT ADDED ENTRY--TOPICAL TERM
Topical term or geographic name as entry element Communicable diseases
Form subdivision Encyclopedias.
650 12 - SUBJECT ADDED ENTRY--TOPICAL TERM
Topical term or geographic name as entry element Communicable Diseases
Form subdivision Encyclopedias
General subdivision English.
700 1# - ADDED ENTRY--PERSONAL NAME
Personal name Ashby, Bonnie.
856 41 - ELECTRONIC LOCATION AND ACCESS
Materials specified Table of contents only
Uniform Resource Identifier <a href="http://www.loc.gov/catdir/toc/ecip0613/2006013795.html">http://www.loc.gov/catdir/toc/ecip0613/2006013795.html</a>
942 ## - ADDED ENTRY ELEMENTS (KOHA)
Source of classification or shelving scheme Library of Congress Classification
Koha item type General circulation
Holdings
Withdrawn status Lost status Source of classification or shelving scheme Damaged status Not for loan Home library Current library Shelving location Date acquired Source of acquisition Total Checkouts Full call number Barcode Date last seen Price effective from Koha item type Public note
    Library of Congress Classification     Main Campus Library Main Campus Library General Stacks 24/05/2016 Donation-books for Africa   RC 112 .T87 2007 2016/018639 24/05/2016 24/05/2016 General circulation A.K.
Kitui, Kenya.
+254736116989
library@seku.ac.ke